Využitie metód Value at Risk v bankovom a podnikovom sektore na Slovensku
Value at Risk v podmienkach bankovej sféry Slovenskej republiky. Rôzne vstupy pre výpočet Value at Risk. Nekompatibilita Value at Risk s korporátnym rizikovým manažmentom.
Na minha lista:
| Autor principal: | |
|---|---|
| Formato: | Capítulo de Livro |
| Idioma: | eslovaco |
| Assuntos: | |
| Tags: |
Sem tags, seja o primeiro a adicionar uma tag!
|
MARC
| LEADER | 00000nla a2200000 4500 | ||
|---|---|---|---|
| 001 | 0242103 | ||
| 005 | 20260205071157.5 | ||
| 041 | 0 | |a slo | |
| 044 | |a SK | ||
| 245 | 1 | 0 | |a Využitie metód Value at Risk v bankovom a podnikovom sektore na Slovensku |c Martin Šorf |
| 520 | |a Value at Risk v podmienkach bankovej sféry Slovenskej republiky. Rôzne vstupy pre výpočet Value at Risk. Nekompatibilita Value at Risk s korporátnym rizikovým manažmentom. | ||
| 610 | 2 | 0 | |a riadenie rizík |
| 610 | 2 | 0 | |a risk management |
| 610 | 2 | 0 | |a metóda Value at Risk |
| 610 | 2 | 0 | |a banky |
| 610 | 2 | 0 | |a podnik |
| 610 | 2 | 0 | |a Slovensko |
| 100 | 1 | |a Šorf, Martin | |